• 首页
  • 本馆介绍
  • 公告通知
  • 最新文献
  • 馆藏检索
  • 电子资源
  • 读者导购
  • 参考咨询
  • 我的图书馆
  • 登录
  • 详细信息显示
  • 放入我的书架
  • 预约/预借图书
  • 作者相关作品
  • 分类相关作品
  • 丛书相关作品
  • 出版社相关作品

书目信息

  • 表格格式
  • 工作单格式
  • 卡片格式
题名:
家具油漆
    
 
作者: 任宗发 编著
分册:  
出版信息: 南京   江苏科学技术出版社  1981
页数: 175页
开本: 19cm
丛书名:
单 册:
中图分类: TS959.3
科图分类:
主题词: 漆工--工艺
电子资源:
ISBN:
000 00684nam0 2200253 45
001 0181006550
005 20040518080928.4
010    @dCNY0.56
091    @a15196.050
100    @a19950515d1981 em y0chiy0121 ea
101 0  @achi
102    @aCN@b320000
105    @ay z 000yy
106    @ar
200 10 @a家具油漆@Ajia ju you qi@e涂饰方法及工艺@f任宗发编著
210    @a南京@c江苏科学技术出版社@d1981
215    @a175页@d19cm
517 1  @a涂饰方法及工艺@Atu shi fang fa ji gong yi
606 0  @a漆工@x工艺
690    @aTS959.3
701  0 @a任宗发@Aren zong fa@4编著
801  0 @aCN@b上海图书馆@c20040518
801  2 @aCN@bNLC@c20040518
905    @f1@b147539@dTS959.3@e28
    
    家具油漆:涂饰方法及工艺/任宗发编著.-南京:江苏科学技术出版社,1981
    175页;19cm
    
    
    ISBN :CNY0.56
    
●
相关链接 在E读中查询图书 在五车中查询图书 在当当中查询图书 在豆瓣中查询图书


正题名:家具油漆     索取号:TS959.3/28         预约/预借

序号 登录号 条形码 馆藏地/架位号 状态 备注
1 0147539   001478118   第三借阅区/ [索取号:TS959.3/28] 在馆    
2 0147540   001478109   第二样本阅览室/ [索取号:TS959.3/28] 在馆    
唐山师范学院图书馆 欢迎您!
大连网信软件有限公司© 版权所有